| 000 | 00379nam a2200145Ia 4500 | ||
|---|---|---|---|
| 008 | 240624s9999 xx 000 0 und d | ||
| 041 | _aeng | ||
| 082 | _a515.625 KEL | ||
| 100 | _aKELLEY WALTER G | ||
| 245 | _aDIFFERENCE EQUATIONS AN INTRODUCTION WIT | ||
| 250 | _a(2nd ed.) | ||
| 260 |
_c2006 _aCalifornia _bElsevier |
||
| 300 | _aix, : 403 : p. : cm. ; 24 | ||
| 365 |
_cRS _b31 |
||
| 999 |
_c25420 _d25420 |
||